Adivina el artista musical I - Estadísticas

Estadísticas generales
  • Esta prueba ha sido intentada 269 veces
  • La puntuación promedio es 17 de 50
Estadísticas de respuestas
Songs Country Genre(s) Act % Correcto
Andrea // NUEVAYoL // Yonaguni Puerto Rico Reggaetón, Trap Latino Bad Bunny
94%
Mamma Mia // Waterloo // The Winner Takes It All Sweden Pop, Eurodisco ABBA
89%
Dolerme // Despechá // Yo x ti, tu x mi Spain Reggaetón, flamenco pop Rosalía
84%
Bohemian Rhapsody // Radio Ga Ga // The Show Must Go On England Pop Rock, Glam Rock Queen
79%
La flaca // Depende // El lado oscuro Spain Pop Rock Jarabe de Palo
78%
The Real Slim Shady // Lose Yourself // Stan United States Pop Rap, Hip Hop Eminem
74%
Jamming // Could You Be Loved // Three Little Birds Jamaica Reggae Bob Marley
71%
In Da Club // P.I.M.P // Candy Shop United States Pop Rap, Hip Hop 50 Cent
63%
Pobre Diabla // Bandoleros // Angelito Puerto Rico Reggaetón, Electrolatino Don Omar
55%
Labios compartidos // Mariposa traicionera // El muelle de San Blas Mexico Pop Rock Maná
55%
S&M // Russian Roulette // We Found Love Barbados R&B, Electropop Rihanna
55%
Yesterday // Eleanor Rigby // Strawberry Fields Forever England Pop Rock, Psychedelic Pop The Beatles
55%
Blinding Lights // After Hours // The Hills Canada R&B, Art Pop The Weeknd
55%
Take on Me // The Sun Always Shines on T.V. // Hunting High and Low Norway Synthpop, Pop Rock a-ha
54%
Boulevard of Broken Dreams // Basket Case // Wake Me Up When September Ends United States Punk Rock, Alternative Rock Green Day
50%
La vida es un carnaval // Quimbara // La negra tiene tumbao Cuba Salsa, Son Cubano Celia Cruz
46%
Money // Another Brick in the Wall / Time England Progressive Rock, Art Rock Pink Floyd
41%
Alors on danse // Papaoutai // Tous les mêmes Belgium Electropop, Art Pop Stromae
40%
Roxanne // Message in a Bottle // So Lonely England Pop Rock, Reggae Rock The Police
39%
Hold the Line // Africa // Rosanna United States Pop Rock, AOR Toto
36%
Gold Digger // Flashing Lights // Good Morning United States Hip Hop, Pop Rap Kanye West
34%
Still Loving You // Wind of Change // Rock You Like a Hurricane Germany Hard Rock, AOR Scorpions
33%
Desaparecido // Bongo Bong // Me gustas tú France Alternative Pop, Pop Reggae Manu Chao
30%
Summer // My Way // Acceptable in the 80's Scotland Electropop, Electro House Calvin Harris
29%
Touch // Veridis Quo // Robot Rock France French House, Disco Daft Punk
27%
Bachata en Fukuoka // Ojalá que llueva café // Las avispas Dominican Republic Merengue, Bachata Juan Luis Guerra
27%
Deutschland // Du Hast // Sonne Germany Neue Deutsche Härte, Industrial Metal Rammstein
27%
Smooth Operator // Is It a Crime // No Ordinary Love England Soul, Jazz Pop Sade
25%
Enjoy the Silence // Just Can't Get Enough // Strangelove England Synthpop, Darkwave Depeche Mode
23%
The Adults Are Talking // Ode to the Mets // Reptilia United States Indie Rock The Strokes
20%
Chamber of Reflection // Freaking Out the Neighbourhood // My Kind of Woman Canada Indie Pop, Psychedelic Pop Mac DeMarco
16%
Let It Happen // Is It True // Borderline Australia Psychedelic Pop, Nu-Disco Tame Impala
16%
Al otro lado del río // Me haces bien // Todo se transforma Uruguay Singer-songwriter, Art pop Jorge Drexler
15%
Kingston Town // Red Red Wine // (I Can't Help) Falling in Love with You England Reggae UB40
15%
Pais tropical // Mas que nada // Ponta de lança africano (Umbabarauma) Brazil MPB, Samba Jorge Ben Jor
13%
Tren al sur // Estrechez de corazón // El baile de los que sobran Chile Pop Rock, Synthpop Los Prisioneros
11%
Fiume Sand Creek // Don Raffaè // Canzone del maggio Italy Singer-songwriter, Country Fabrizio de Andrè
10%
Don't Answer Me // Eye in the Sky // La Sagrada Familia England Progressive Pop, Art Rock The Alan Parsons Project
10%
Only Time // The Memory of Trees // Orinoco Flow Ireland New Age Enya
9%
Chariots of Fire // Conquest of Paradise // Hymne Greece Progressive Electronic, Film Score Vangelis
9%
Nomadi // La stagione dell'amore // Voglio vederti danzare Italy Art pop, Synthpop Franco Battiato
7%
Solovey // Rano-Ranen'ko // Shum Ukraine Electropop, Trance Go_A
6%
Cherry // Shadow // Tick of the Clock United States Dream Pop, Synthwave Chromatics
4%
Magnetic Fields // Oxygene // Rendez-vous France Progressive Electronic, Ambient Jean Michel Jarre
4%
Autobahn // Das Model // Computerliebe Germany Progressive Electronic, Krautrock Kraftwerk
4%
Eden // Mad About You // Anger Never Dies Belgium Trip Hop, Dream Pop Hooverphonic
3%
Canopée // Ani Kuni // Bakara France Tropical House, Deep House Polo & Pan
3%
Konchitsya leto // Krasno-Zholtyye dni // Kogda tboya devushka Bol'na Russia New Wave, Post Punk Kino
2%
Marechià // Tienaté // Disco sole Italy Nu-Disco, Funk Nu Genea
2%
Rydeen // Behind the Mask // Firecracker Japan Synthpop, Art Pop Yellow Magic Orchestra
1%
No se encontraron pruebas coincidentes
Distribución de puntuación
Porcentaje de gente con cada puntuación
Porcentaje por número respondido
Historial de tus puntuaciones
No has intentado esta prueba.